| 000 | 00996 a2200217 4500 | ||
|---|---|---|---|
| 001 | 22381 | ||
| 005 | 20260407155514.0 | ||
| 008 | 260407a1981 arg spa d | ||
| 003 | AR-UNSa-BCEJYS | ||
| 040 |
_aAR-UNSa-BCEJYS _bspa _cAR-UNSa-BCEJYS |
||
| 080 |
_a658.012.261 _xSuceso-nodo-red. Orientación al suceso. PERT (Técnica de Revisión y Evaluación de Proyectos) |
||
| 245 | 1 | 0 | _aPERT-CPM y técnicas relacionadas |
| 250 | _a5a.ed | ||
| 264 | 1 |
_aBuenos Aires : _bAstrea _c1981 |
|
| 300 |
_a213 p. _c22 cm. |
||
| 505 | _a1. Generalidades - 2. Aplicación de probabilidades al Graphe - 3. Otras aplicaciones del camino crítico - 4. Método Pert generalizado - 5. Programación con recursos limitados - 6. Programación con recursos limitados y su balanceamiento (Ramps) - 7. Pert-costo | ||
| 942 | _cBK | ||
| 590 | _aniveau_biblio:m niveau_hierar:0 | ||
| 100 | 1 | _aMunier, Nolberto J. | |
| 856 | 4 | 1 |
_uhttps://biblioeco.unsa.edu.ar/pmb/images/libros/PERT-CPM.jpg _yImagen de portada _qimage/jpeg |
| 999 |
_c998 _d998 |
||